Oxford Word Skills. Advanced

التفاصيل البيبلوغرافية
المؤلف الرئيسي: Gairns R. Ruth
مؤلفون آخرون: Redman S. Stuart
الملخص:Learn and practise English vocabularyAdvanced for advanced learners Learn the words you need to know at each level (Basic, Intermediate, and Advanced)See how the words and phrases are used in spoken and written English Practise using the vocabulary Revise what you've learnedImprove your vocabulary-learning skills Learn the words as preparation for the major exams
اللغة:الإنجليزية
منشور في: Oxford, Oxford University Press, 2011
الموضوعات:
التنسيق: غير معروف
KOHA link:https://koha.lib.tpu.ru/cgi-bin/koha/opac-detail.pl?biblionumber=206154

MARC

LEADER 00000nmm0a2200000 4500
001 206154
005 20231101225327.0
010 |a 9780194620116 
035 |a (RuTPU)RU\TPU\book\224720 
035 |a RU\TPU\book\189230 
090 |a 206154 
100 |a 20111227d2011 m y0rusy50 ca 
101 0 |a eng 
102 |a GB 
105 |a a j 001zy 
200 1 |a Oxford Word Skills. Advanced  |f R. Gairns, S. Redman 
210 |a Oxford  |c Oxford University Press  |d 2011 
215 |a 256 p.  |c il. 
320 |a Index: p. 236-256. 
330 |a Learn and practise English vocabularyAdvanced for advanced learners Learn the words you need to know at each level (Basic, Intermediate, and Advanced)See how the words and phrases are used in spoken and written English Practise using the vocabulary Revise what you've learnedImprove your vocabulary-learning skills Learn the words as preparation for the major exams 
606 1 |a Английский язык  |x Учебные руководства и пособия  |x Пособия по развитию речи, разговорники  |2 stltpush  |3 (RuTPU)RU\TPU\subj\29074  |9 52486 
610 1 |a лексика 
610 1 |a разговорная речь 
610 1 |a упражнения 
686 |a Ш143.21-923.4  |v LBC/SL-A  |2 rubbk 
700 1 |a Gairns  |b R.  |g Ruth 
701 1 |a Redman  |b S.  |g Stuart 
801 1 |a RU  |b 63413507  |c 20080416  |g PSBO 
801 2 |a RU  |b 63413507  |c 20191125  |g PSBO 
942 |c MX